| 000 | 00838nam a22002657a 4500 | ||
|---|---|---|---|
| 999 |
_c312187 _d312187 |
||
| 001 | 25882 | ||
| 003 | UA-OsUOA | ||
| 005 | 20200324095216.0 | ||
| 007 | ta | ||
| 008 | 20040429b un ||||| |||| 00| 0 ukr d | ||
| 040 |
_aUA-OsUOA _brus _cUA-OsUOA _dUA-OsUOA |
||
| 041 | _arus | ||
| 044 | _aUA | ||
| 080 | _a37.012:09 | ||
| 090 |
_a37.012:09 _bМ77 |
||
| 100 | _aМончаловскій О.А. | ||
| 245 | _aЖитье и дъятельность Ивана Наумовича | ||
| 260 |
_aЛьвовъ _bИзъ типографи Ставропигійского Института _c1899 |
||
| 300 | _a112 с. | ||
| 650 | 7 | _209 Рукописи. Раритети і рідкісні видання. | |
| 650 | 7 | _237.012 | |
| 942 |
_cRB _2udc |
||
| 955 | _a1 | ||